Die 100 größten Städte der Welt im Jahre 2075 - Statistiken

Allgemein
  • Dieses Quiz wurde 132 mal gespielt
  • Das Durchschnittsergebnis liegt bei 49 aus 100
Antwortstatistiken
Land Antwort Einwohner (Metropolregion!) % Korrekt
Ägypten Kairo 33.000.000
95%
USA New York City 27.900.000
94%
Japan Tokio 28.900.000
93%
Mexiko Mexiko Stadt 24.200.000
89%
Frankreich Paris 11.600.000
87%
China Peking 15.800.000
87%
Indien Mumbai 57.900.000
85%
USA Los Angeles 18.500.000
84%
Brasilien Rio de Janeiro 16.600.000
84%
China Shanghai 21.100.000
84%
Vereinigtes Königreich London 10.100.000
82%
Türkei Istanbul 14.700.000
81%
Thailand Bangkok 12.600.000
80%
Indien Delhi 49.300.000
80%
DR Kongo Kinshasa 58.400.000
80%
Brasilien São Paulo 21.300.000
79%
Peru Lima 12.400.000
78%
Nigeria Lagos 57.200.000
77%
Russland Moskau 9.510.000
77%
Irak Bagdad 24.400.000
76%
Iran Teheran 10.400.000
76%
Argentinien Buenos Aires 16.400.000
73%
China (Autonom) Hongkong 10.400.000
72%
Afghanistan Kabul 32.700.000
72%
Kenia Nairobi 28.400.000
71%
USA Chicago 13.400.000
70%
Vietnam Hanoi 11.800.000
70%
Indonesien Jakarta 17.500.000
69%
Philippinen Manila 32.700.000
69%
Bangladesch Dhaka 46.200.000
68%
Kolumbien Bogota 11.900.000
67%
Ägypten Alexandria 12.000.000
66%
Indien Kalkutta 45.000.000
66%
Vietnam Ho Chi Minh Stadt 14.200.000
64%
Südkorea Seoul 7.670.000
63%
Saudi-Arabien Riad 9.000.000
60%
Kanada Toronto 7.810.000
60%
Äthiopien Addis Abeba 23.700.000
57%
USA Houston 6.800.000
57%
USA Miami 8.490.000
57%
USA Dallas 7.330.000
56%
Senegal Dakar 14.600.000
55%
Japan Osaka 9.030.000
55%
Angola Luanda 19.600.000
54%
Ghana Accra 7.980.000
50%
Tansania Daressalam 37.500.000
49%
China Guangzhou 12.800.000
49%
Nigeria Abuja 11.700.000
48%
Indien Chennai 22.200.000
48%
Pakistan Lahore 23.900.000
48%
Jemen Sanaa 16.700.000
47%
Uganda Kampala 20.200.000
45%
Madagaskar Antananarivo 12.400.000
44%
China Wuhan 10.100.000
44%
Mali Bamako 13.500.000
41%
Pakistan Karachi 43.400.000
41%
Burkina Faso Ouagadougou 11.700.000
40%
USA Atlanta 6.970.000
39%
Niger Niamey 20.400.000
38%
Ruanda Kigali 9.790.000
37%
USA Philadelphia 8.300.000
37%
China Shenzhen 11.100.000
37%
Elfenbeinküste Abidjan 15.500.000
36%
Indien Hyderabad 19.900.000
36%
Sambia Lusaka 14.500.000
36%
Kambodscha Phnom Penh 8.850.000
36%
Syrien Aleppo 7.370.000
35%
Mosambik Maputo 10.900.000
35%
Indien Ahmedabad 17.000.000
34%
Sudan Khartoum 30.700.000
33%
Togo Lomé 7.250.000
32%
Bangladesch Chittagong 16.000.000
31%
Guinea Conakry 10.700.000
31%
Indien Bengaluru 21.300.000
30%
Malawi Lilongwe 15.200.000
30%
Tschad N‘djamena 14.500.000
30%
China Tianjin 10.000.000
30%
Nigeria Kano 17.700.000
29%
Indien Pune 14.900.000
27%
Myanmar Rangun 10.300.000
27%
Kenia Mombasa 8.530.000
26%
China Chongqing 8.980.000
23%
Liberia Monrovia 7.080.000
23%
Somalia Mogadishu 15.900.000
22%
Nigeria Ibadan 14.800.000
18%
Indien Jaipur 9.420.000
18%
Indien Surat 12.500.000
18%
Kamerun Douala 7.070.000
17%
DR Kongo Lubumbashi 9.570.000
16%
Pakistan Faisalabad 9.730.000
13%
Indien Kanpur 10.100.000
13%
Pakistan Rawalpindi 6.970,000
13%
Indien Nagpur 7.860.000
12%
Nigeria Benin City 6.960.000
11%
Indien Lucknow 8.650.000
11%
Malawi Blantyre 15.100.000
7%
DR Kongo Mbuji-Mayi 9.270.000
6%
Indien Patna 7.030.000
6%
Nigeria Kaduna 8.260.000
3%
Jemen Al-Hudayda 7.070.000
1%
Keine übereinstimmenden Quizze gefunden
Verteilung der Resultate
Anzahl Personen mit jedem Resultat
Perzentil nach korrekt beantworteten Fragen
Ihre Resultats-Entwicklung
Sie haben dieses Quiz noch nicht gespielt